Social thinking-software practice
Αποθηκεύτηκε σε:
| Άλλοι συγγραφείς: | , , |
|---|---|
| Μορφή: | Βιβλίο |
| Γλώσσα: | English |
| Δημοσίευση: |
Cambridge, Mass. :
MIT Press,
c2002
|
| Θέματα: | |
| Ετικέτες: |
Προσθήκη ετικέτας
Δεν υπάρχουν, Καταχωρήστε ετικέτα πρώτοι!
|
MARC
| LEADER | 00000nam a2200000 i 4500 | ||
|---|---|---|---|
| 001 | 1/32574 | ||
| 008 | 060720s2002 eng d | ||
| 020 | |a 0-262-04204-5 | ||
| 035 | |l 10084713 | ||
| 040 | |a GR-MY-UA |b gre |e aacr | ||
| 041 | 0 | |a eng | |
| 082 | 0 | |a 005.1 |2 (22) | |
| 245 | 1 | 0 | |a Social thinking-software practice / |c edited by Yvonne Dittrich, Christiane Floyd, and Ralf Klischewski |
| 260 | |a Cambridge, Mass. : |b MIT Press, |c c2002 | ||
| 300 | |a xii, 481 σ.; |b εικ.; |c 24 εκ. | ||
| 504 | |a Περιλαμβάνει βιβλιογραφία και ευρετήριο. | ||
| 650 | 0 | 0 | |a Computer software |x Development |x Social aspects. |
| 650 | 0 | 0 | |a Human-computer interaction. |
| 700 | 1 | |a Dittrich, Yvonne |d 1964- |4 edt | |
| 700 | 1 | |a Floyd, Christiane. |4 edt | |
| 700 | 1 | |a Klischewski, Ralf |d 1962- |4 edt | |
| 852 | |a INST |b SYROS |e 20060720 |h 005.1 SOC |p 005500004794 |q 005500004794 |t BK |y 0 | ||
| 901 | |a BIBL5-2006-2 | ||
| 909 | |a Ε |b 117587 | ||
| 920 | |a ΑΝΑΜΟΡΦΩΣΗ |b ΕΠΕΑΕΚ ΙΙ-ΤΜΣΠΣ |y ΣΥΡΟΣ |z 2006-06 | ||
| 970 | |a ΚΟΝΤΟΥ |b ΠΑΡΑΣΚΕΥΗ |z 2006/07/20 | ||